000 00409nam a2200169Ia 4500
001 10707
003 IN-NITTTR
005 20251114233100.0
008 251113s9999||||xx |||||||||||||| ||eng||
040 _beng
040 _cIN-NITTTR
041 _aeng
082 _a370.19 H559 L
100 _aHill, Philip
245 0 _aTeaching and learning as a communication process. /
_cHill, Philip
942 _2ddc
_cBK
999 _c13343
_d13343